000 00450 a2200157 4500
001 37756
082 _a510.783 PEN
090 _c23967
_d23967
100 _aPennington, Ralph H.
245 _aIntroductory computer methods and numerical analysis, 2nd Ed
_cRalph H. Pennington
250 _a2
260 _bMacmillan Press
_c1970
300 _a508 p.
_bphotocopy
500 _aBE textbook H & S dept
520 _a 24860-2439 origional copies )
942 _aNUST-CAE
_k510.783 PEN
999 _c272829
_d272829